00855nam a2200181 i 450000100060000000300090000600500170001500700030003200800410003510000480007624502880012426000320041230000220044465000460046685200220051299900170053495201220055179160ES-MaACL20231229063020.0t|041020s1973 sp |||| |cspa d1 aHernández Gil, Antonio,d1915-199496294310aJuristas españoles de nuestro tiempo: Felipe Clemente de Diego, Ignacio de Casso Romero, Manuel de la Plaza Navarro, Nicolás Pérez Serrano, José Castán Tobeñas b: con un estudio previo sobre la situación científica y cultural del Derecho / cAntonio Hernández Gil. a[Madrid] : bSala, c[1973] a109 p. ; c24 cm. aAbogados-zEspaña-xBiografías.99566 aES-MaACLjC-49254 c79160d79160 00104070aATENEOMbATENEOMcDEPO2d2008-01-17eSCl0oC-49254p1082785r2023-02-23 00:00:00w2023-02-23yMONOGRAFIA